Quick Pick: 'H' Athletes Quiz Stats

 Plays Quiz Updated Nov 2, 2017

Challenge
Share
Tweet
Embed
Score 0/10 Timer 01:00
4 Plays Today
% Correct
John Havlicek
71.4%
Rickey Henderson
70.5%
Marvin Harrison
68.7%
Felix Hernandez
68.1%
Franco Harris
67.8%
Gordie Howe
65.2%
Elvin Hayes
64.7%
Bobby Hull
56.6%
Mark Howe
42.5%
Doug Harvey
37.7%

Today's Daily Dose

You're not logged in!

Compare scores with friends on all Sporcle quizzes.
OR
Log In

You Might Also Like...

Show Comments

Extras

Top Quizzes Today


Score Distribution

Your Account Isn't Verified!

In order to create a playlist on Sporcle, you need to verify the email address you used during registration. Go to your Sporcle Settings to finish the process.

Report this User

Report this user for behavior that violates our Community Guidelines.

Details: